| 000 | 01253nam a2200289Ia 4500 | ||
|---|---|---|---|
| 999 |
_c47199 _d47199 |
||
| 001 | 14059 | ||
| 003 | GE_BSU | ||
| 005 | 20241023172814.0 | ||
| 008 | 181216s2010||||ge |||||||||||||| ||geo|| | ||
| 020 | _a9789941196935 | ||
| 040 | _cGE_BSU | ||
| 041 | _ageo | ||
| 080 | _a821.353.1-1 წ-39 | ||
| 100 |
_aწერეთელი, აკაკი _923511 |
||
| 245 |
_aპოეზია : ტ.1 : _bხუთტომეული / _cაკაკი წერეთელი ; სარედ. ჯგუფი : ზურაბ აბაშიძე, მანანა ჯანელიძე, ირმა ხარშილაძე. |
||
| 264 |
_aთბილისი : _bპალიტრა L, _c2012. |
||
| 300 |
_a344 გვ. : _bილ. ; _c20 სმ. |
||
| 490 |
_aჩემი რჩეული _vტომი 61 |
||
| 541 | _h8ლ. | ||
| 653 | _aპოეზია | ||
| 653 | _aხუთტომეული | ||
| 653 | _aტ.1 | ||
| 700 |
_aაბაშიძე, ზურაბ _eრედაქტორი _91322 |
||
| 700 |
_aჯანელიძე, მანანა _eრედაქტორი _91323 |
||
| 700 |
_aხარშილავა, ირმა _eრედაქტორი _923512 |
||
| 942 |
_cBK _2udc |
||